000 00428nam a2200181Ia 4500
001 5056
005 20260306145840.0
008 260306t2000||||xx |||||||||||||| ||spa||
041 _aESP
082 _a332.678
_bB42
100 _aBenavente Butrón, Lino
_eAUT
245 0 _aDiseño y evaluación de proyectos de desarrollo
260 _c2000
300 _a
_c
650 _aGEN
654 _aCAN
942 _cLIB
_dJUS
_fJUS
_2ddc
_n
999 _c5056
_d5056